000 00477nam a2200169Ia 4500
003 GCL
008 140319s9999 xx 000 0 ara d
040 _aGCL /
_cGCL
082 0 4 _a891.7
_bت ا
100 1 _aتشيخوف، انطون
245 1 0 _aابهال فانيا /
_cتشيخوف، انطون
300 _a126 ص
490 _a
650 0 4 _aالادب الروسى المترجم
650 0 4 _aالمسرحيات الروسية المترجمة
942 _2ddc
_cBK
999 _c46813
_d46813